| 000 | 00435nam a2200181Ia 4500 | ||
|---|---|---|---|
| 003 | LK-CoDNM | ||
| 008 | 010623t1985 xxu||||| |||| 00| 1 sin d | ||
| 040 |
_aLK-CoDNM _dLK-CoDNM _eLK-CoDNM |
||
| 041 | _asin | ||
| 080 | _a78(1) | ||
| 100 | _aPerera, Sunil Sarath | ||
| 245 | _aපද්ම තටාකය | ||
| 246 | _aPadma thatakaya | ||
| 260 |
_bK.D.Nandasena _c1985 |
||
| 300 | _b95, 22 cm | ||
| 650 | _aMusic | ||
| 942 | _cBK | ||
| 999 |
_c112963 _d112963 |
||